000 00302nam a22001337a 4500
008 170306b xxu||||| |||| 00| 0 eng d
020 _a9780321461612
041 _aeng
080 _a611
100 _a6
101 _aSHM
245 _aPHYSIO EX 7.0 FOR HUMAN PHYSIOLOGY
_cSTABLER, TH
942 _2udc
_cBK
999 _c6869
_d6869